Wszystkie utwory Quebonafide (+featy) - Statystyki

Ogólne statystyki
  • Ten quiz został rozwiązany 134 razy
  • Średni wynik to 74 z 193
Statystyki odpowiedzi
ALBUM PIOSENKA % Poprawnych
Madagaskar
84%
Romantic Psycho Romantic Psycho
82%
Jesień
80%
Odyseusz
80%
Zorza
80%
Half Dead
79%
Ezoteryka Hype
78%
C'est la Vie
76%
Quebahombre
76%
Tamagotchi
76%
Między słowami
75%
8 kobiet
74%
To nie jest hip-hop
73%
Bollywood
72%
Kryptowaluty
72%
Szejk
72%
Changa
71%
Gazprom
71%
Arabska Noc
69%
Bumerang
69%
Candy
69%
Świattomójplaczabaw
69%
Aspartam
68%
Bubbletea
68%
Luís Nazario de Lima
68%
Soma
68%
Art-B
67%
Dla Fanek Euforii Bogini
67%
Szubienicapestycydybroń
67%
Tokyo2020
67%
Visa
66%
Elektryka | Płyta roku | Soma Intro
63%
Kawa i xanax
63%
Egzotyka Oh My Buddha
63%
Złotegloby
63%
Ekodiesel
62%
Metallica 808
61%
Niepłaczęponotredam
61%
Nóż
61%
Przytobie
61%
Łajza
60%
Tęsknięzastarymkanye
60%
Ajetlagtomójnowydrag
59%
PIN
59%
Leonardo
58%
LOVE
58%
Outro
58%
Żadnych zmartwień
58%
Dla Fanów Eklektyki Znaki zapytania
58%
Człowiekzksiężyca
57%
Mleko i miód
57%
Towszystkobyłodlaciebie
57%
Ciernie
56%
Cojestmałpy
56%
Moje demony uciekły na urlop
56%
Pablo
56%
Singiel Teen Kasia
56%
C3PO
55%
Hypebae
53%
Trip
53%
Manekin
52%
Prowo
52%
Sectumsempra
52%
TLC
52%
Wiem
52%
Voodoo
51%
Giro d'Italia
49%
Co jest ze mną?
47%
Rumpelstilskin
46%
Benevento
45%
Eden Hazard
45%
Ganges
45%
Noc w noc
45%
Avengers
44%
Ciuchy, kobiety...
44%
Harry Angel
44%
Jestemkurwaczarodziejem
44%
Ile mogłem
43%
Powszechny i śmiertelny
42%
Tarot
42%
ANKH
41%
BDSM
41%
Pieskie życie
39%
Kostka Rubika
38%
Światłowstręt
38%
Lara Croft
37%
Vanilla Sky
37%
25 godzina
36%
Paulo Coelho
36%
Eklektyka Rock'n'Roller 2
36%
Codzienność
35%
Euforia
35%
Miszmasz freestyle
35%
Wesoła Ekipa
34%
Kyrie Eleison
33%
Open Bar
33%
Pusty materac
32%
Blockbuster
31%
Breaking Bad
31%
Hossa
31%
No to bajka Królem być
31%
Polis
31%
All Black
29%
Carnival
27%
Czarne okulary
27%
Panczeon
27%
Kotem być
26%
QueQuality: Hip-hop 2.0 QueQuality
24%
Idą pomimo
22%
Jackass
22%
Moda
22%
Muszę lecieć
22%
Czeszę umysł
21%
Modern Warfare
21%
Nie ma takich 2-óch
21%
Ostatni snap
21%
Solipsyzm
21%
Sukces
21%
Taniec skakaniec
21%
Jeruzalem
20%
Loki
20%
Łysy z Brazzers
20%
Demówka EP Mój kawałek w czasie przeszłym
20%
Valhalla
20%
Mantra
19%
Za długo już
19%
50 linijek normalności
18%
Asceta
18%
Brudna Prawda
18%
Voodoo Remix
18%
Pareidolia
17%
Sam
17%
Pijmy wino za kolegów
16%
Erotyka Sukces? (Errata)
16%
Świety spokój
16%
El Condor Pasa
15%
Pije wódę i słucham Ich Troje
15%
Ciernie Remix
14%
Imponderabilia
14%
Muzyka dżungli
14%
Opowieści z krypty
14%
Boom
13%
Jackass Remix
13%
Jebać Vibe
13%
Kły
13%
Sterylnie
13%
Szczęśliwego nowego roku Outro
13%
Wyjdziesz na dwór?
13%
Złote serca
13%
Efekt Dopplera
12%
Idą asy w klub
12%
M5
12%
Pod łapą
12%
Człowiek sztos
9%
House of Cards
9%
Agonia
8%
Enigma Room
7%
Vladimir Putin
7%
Wszystko i nic
7%
BBQ
6%
Cotide Morimur
6%
Aloes
5%
Autentyk
5%
Brać życie za mordę
5%
#DavidMoyes
5%
Nie rozmawiaj z duchami
5%
Modern Warfare RMX
4%
Kalendarz adwentowy
3%
Pan czlajn 01
3%
Quiz flow
3%
Tartakiada
3%
Telenowela
3%
Autentyczna konfrontacja
2%
Lepsze jutro
2%
Featy Ryzyk Fizyk 2
2%
Nie znaleziono quizów pasujących do podanych kryteriów
Rozkład punktacji
Procent ludzi z każdym wynikiem
Percentyl według liczby udzielonych odpowiedzi
Twoja historia wyników
Nie rozwiązałeś tego quizu